Counter-Strike ESL One Katowice 2015 Players - Statistics

General Stats
  • This quiz has been taken 2 times
  • The average score is 39 of 80
Answer Stats
Team Country Player % Correct
Ninjas in Pyjamas Finland allu
100%
Virtus.pro Poland byali
100%
TSM Denmark cajunb
100%
Ninjas in Pyjamas Sweden f0rest
100%
fnatic Sweden flusha
100%
Ninjas in Pyjamas Sweden friberg
100%
Ninjas in Pyjamas Sweden GeT_RiGhT
100%
Natus Vincere Slovakia GuardiaN
100%
fnatic Sweden JW
100%
TSM Denmark karrigan
100%
Titan France kennyS
100%
fnatic Sweden KRIMZ
100%
Cloud9 United States n0thing
100%
Virtus.pro Poland NEO
100%
fnatic Sweden olofmeister
100%
Virtus.pro Poland pashaBiceps
100%
fnatic Sweden pronax
100%
Cloud9 Canada shroud
100%
Virtus.pro Poland Snax
100%
Virtus.pro Poland TaZ
100%
Ninjas in Pyjamas Sweden Xizt
100%
TSM Denmark Xyp9x
100%
HellRaisers Kazakhstan AdreN
50%
HellRaisers Ukraine ANGE1
50%
Vox Eminor Australia AZR
50%
FlipSid3 Ukraine B1ad3
50%
Keyd Stars Brazil boltz
50%
FlipSid3 Ukraine bondik
50%
TSM Denmark device
50%
TSM Denmark dupreeh
50%
Natus Vincere Ukraine Edward
50%
Titan Belgium Ex6TenZ
50%
Keyd Stars Brazil FalleN
50%
Keyd Stars Brazil fer
50%
HellRaisers Russia flamie
50%
Envy France Happy
50%
LGB Norway jkaem
50%
Vox Eminor Australia jks
50%
Envy France kioShiMa
50%
HellRaisers Russia kUcheR
50%
Titan Switzerland Maniac
50%
FlipSid3 Ukraine markeloff
50%
Envy France NBK-
50%
PENTA Germany nex
50%
LGB Norway rain
50%
Titan France RpK
50%
LGB Norway RUBINO
50%
Natus Vincere Russia seized
50%
Cloud9 United States ShahZaM
50%
Envy France shox
50%
Envy France SmithZz
50%
Natus Vincere Ukraine starix
50%
Keyd Stars Brazil steel
50%
FlipSid3 Russia WorldEdit
50%
Natus Vincere Ukraine Zeus
50%
Titan France apEX
0%
FlipSid3 Russia DavCost
0%
PENTA Germany denis
0%
3DMAX Finland disturbed
0%
HellRaisers Russia Dosia
0%
CLG Canada FNS
0%
Vox Eminor Australia Havoc
0%
CLG United States hazed
0%
3DMAX Finland KHRN
0%
PENTA Germany kRYSTAL
0%
3DMAX Finland natu
0%
LGB Norway Polly
0%
CLG United States ptr
0%
CLG United States reltuC
0%
Cloud9 United States seang@res
0%
Cloud9 Canada SEMPHIS
0%
PENTA Germany Spiidi
0%
Vox Eminor Australia SPUNJ
0%
3DMAX Finland stonde
0%
CLG United States tarik
0%
Vox Eminor Australia topguN
0%
PENTA Germany Troubley
0%
3DMAX Finland xartE
0%
LGB Norway zEVES
0%
Keyd Stars Brazil zqkS
0%
No matching quizzes found
Score Distribution
Percent of People with Each Score
Percentile by Number Answered
Your Score History
You have not taken this quiz